Normal view
MARC view
- Patil Priyanka - 2k161102; Ganesh Lotke - Guide & Sahyadri Farms
Entry Personal Name
001 - CONTROL NUMBER
- control field: 105137
003 - CONTROL NUMBER IDENTIFIER
- control field: OSt
005 - DATE AND TIME OF LATEST TRANSACTION
- control field: 20221007221545.0
008 - FIXED-LENGTH DATA ELEMENTS
- fixed length control field: 221007|| aca||aabn | a|a d
040 ## - CATALOGING SOURCE
- Original cataloging agency: OSt
- Transcribing agency: OSt
100 ## - HEADING--PERSONAL NAME
- Personal name: Patil Priyanka - 2k161102; Ganesh Lotke - Guide & Sahyadri Farms
670 ## - SOURCE DATA FOUND
- Source citation: Work cat.: (OSt)80037: Patil Priyanka - 2k161102; Ganesh Lotke - Guide & Sahyadri Farms, Study Of Iqf Food Processing Technology And Processing Management For Mango Dices, 2016